IFM Opac

Corporate Finance: (Record no. 22121)

MARC details
000 -LEADER
fixed length control field 00451nam a22001457a 4500
020 ## - INTERNATIONAL STANDARD BOOK NUMBER
ISBN 978-1-266-19158-9
082 ## - DEWEY DECIMAL CLASSIFICATION NUMBER
Classification number 658.15
100 ## - MAIN ENTRY--AUTHOR NAME
Personal name Corporate Finance
245 ## - TITLE STATEMENT
Title Corporate Finance:
Sub Title Core Principles and Applications
250 ## - EDITION STATEMENT
Edition statement 7th
260 ## - PUBLICATION, DISTRIBUTION, ETC. (IMPRINT)
Place of publication New York:
Name of publisher McGraw Hill,
Year of publication 2024.
300 ## - PHYSICAL DESCRIPTION
Number of Pages xxxv, 699p.: ill.; 25cm
700 ## - ADDED ENTRY--PERSONAL NAME
Personal name Ross, Stephen A. Westerfield, Randolph, W. Jaffe, Jeffery F. Jordan, Bradford D. & Shue Kelly
942 ## - ADDED ENTRY ELEMENTS (KOHA)
Koha item type Books
Holdings
Withdrawn status Lost status Damaged status Not for loan Collection code Permanent Location Current Location Shelving location Date acquired Source of acquisition Full call number Accession Number Price effective from Koha item type
        Non-fiction IFM Main Campus Library IFM Main Campus Library Work Room processing 01/08/2026 Purchased 658.15 COR 0000039515 01/08/2026 Books
        Non-fiction IFM Main Campus Library IFM Main Campus Library Work Room processing 01/08/2026 Purchased 658.15 COR 0000030514 01/08/2026 Books
        Non-fiction IFM Main Campus Library IFM Main Campus Library Work Room processing 01/08/2026 Purchased 658.15 COR 0000030513 01/08/2026 Books